<?xml version="1.0" encoding="UTF-8"?><?xml-stylesheet type="text/xsl" href="static/style.xsl"?><OAI-PMH xmlns="http://www.openarchives.org/OAI/2.0/" xmlns:xsi="http://www.w3.org/2001/XMLSchema-instance" xsi:schemaLocation="http://www.openarchives.org/OAI/2.0/ http://www.openarchives.org/OAI/2.0/OAI-PMH.xsd"><responseDate>2026-06-05T19:16:22Z</responseDate><request verb="GetRecord" identifier="oai:riuma.uma.es:10630/32254" metadataPrefix="marc">https://riuma.uma.es/rest/oai/request</request><GetRecord><record><header><identifier>oai:riuma.uma.es:10630/32254</identifier><datestamp>2026-02-03T10:14:44Z</datestamp><setSpec>com_10630_1685</setSpec><setSpec>col_10630_38083</setSpec></header><metadata><record xmlns="http://www.loc.gov/MARC21/slim" xmlns:dcterms="http://purl.org/dc/terms/" xmlns:doc="http://www.lyncode.com/xoai" xmlns:xsi="http://www.w3.org/2001/XMLSchema-instance" xsi:schemaLocation="http://www.loc.gov/MARC21/slim http://www.loc.gov/standards/marcxml/schema/MARC21slim.xsd">
   <leader>00925njm 22002777a 4500</leader>
   <datafield ind2=" " ind1=" " tag="042">
      <subfield code="a">dc</subfield>
   </datafield>
   <datafield ind2=" " ind1=" " tag="720">
      <subfield code="a">Lledó-Rando, María del Carmen</subfield>
      <subfield code="e">author</subfield>
   </datafield>
   <datafield ind2=" " ind1=" " tag="260">
      <subfield code="c">2024-07-19</subfield>
   </datafield>
   <datafield ind2=" " ind1=" " tag="520">
      <subfield code="a">Se estudian los factores de riesgo y de protección de la conducta &#xd;
delictiva y los métodos de su evaluación sistemática para las acciones preventivas, mediante &#xd;
herramientas validadas. Esta asignatura se encuadra en el Grado de Criminología de la &#xd;
Facultad de Derecho de la Universidad de Málaga, como Optativa de 4° en la especialidad &#xd;
de Seguridad.&#xd;
Los predictores psicosociales de la delincuencia son los factores de riesgo estáticos &#xd;
y dinámicos que se contemplan atendiendo a los distintos modelos teóricos explicativos &#xd;
de las causas de la violencia y de la delincuencia. Gracias a los avances empíricos y al &#xd;
desarrollo metodológico de los últimos años, tenemos modelos cada más complejos que &#xd;
permiten entender el papel de estos factores predictivos en su aparición como factores &#xd;
de riesgo, y de aquellos otros cuya implementación pueden ejercer un papel de factores &#xd;
protectores de la delincuencia. Es por lo que en esta asignatura necesitamos desarrollar&#xd;
tanto los contenidos teóricos como prácticos, desde sus formas más básicas de búsqueda &#xd;
de información, reflexión y uso en función de criterios empíricos hasta el entrenamiento &#xd;
en complejas y sistemáticas herramientas de evaluación. En este libro de prácticas vamos a exponer, por tanto, actividades para trabajar&#xd;
distintos conceptos importantes, los modelos explicativos de los factores predictores,&#xd;
algunas herramientas imprescindibles para el trabajo y algunas herramientas de&#xd;
evaluación de estos factores explicativos según el tipo de violencia o delincuencia de&#xd;
origen. Este libro tiene sentido como complemento de las clases teóricas magistrales,&#xd;
puesto que aquí no desarrollaremos los temas abordados. ni la bibliografía necesaria,&#xd;
que solo se refiere a modo de material necesario.</subfield>
   </datafield>
   <datafield ind1="8" ind2=" " tag="024">
      <subfield code="a">Lledo-Rando, C.(2024). Predictores Psicosociales de la Delincuencia. Libro de prácticas.</subfield>
   </datafield>
   <datafield ind1="8" ind2=" " tag="024">
      <subfield code="a">https://hdl.handle.net/10630/32254</subfield>
   </datafield>
   <datafield tag="653" ind2=" " ind1=" ">
      <subfield code="a">Delincuencia - Factores de riesgo</subfield>
   </datafield>
   <datafield tag="653" ind2=" " ind1=" ">
      <subfield code="a">Delincuentes - Rehabilitación</subfield>
   </datafield>
   <datafield ind2="0" ind1="0" tag="245">
      <subfield code="a">Predictores psicosociales de la delincuencia-libro de prácticas.</subfield>
   </datafield>
</record>
</metadata></record></GetRecord></OAI-PMH>